Words That Appear in "Star Wars" - Sudden Death - Statistics

General Stats
  • This quiz has been taken 4,386 times
  • The average score is 18 of 26
Answers on the Grid
Answers color-coded by a green-red scale on the quiz's grid according to % correct below.
Ben
Blaster
Carbonite
Computron
Concubine
Crystal
Disturbing
Droids
Egregious
Falcon
Father
Force
Garbage
Grandmother
Hope
Hyperspace
Inconceivable
Ironic
Jedi
Lando
Mitochondria
Moisture
Odds
Operational
Parsecs
Phaser
Pizza
Princess
Protocol
Quadrant
Rigel
Rogue
Senate
Shield
Smuggler
Tadpole
Tractor
Underestimate
Warp
Wretched
 
Answer Stats
Answer % Correct
Force
92%
Jedi
91%
Father
90%
Droids
89%
Falcon
86%
Ben
85%
Blaster
85%
Princess
84%
Hope
83%
Lando
79%
Hyperspace
75%
Smuggler
72%
Carbonite
69%
Parsecs
69%
Shield
69%
Senate
66%
Odds
65%
Garbage
62%
Protocol
61%
Rogue
61%
Disturbing
60%
Underestimate
56%
Operational
49%
Tractor
40%
Moisture
37%
Wretched
29%
No matching quizzes found
Score Distribution
Percent of People with Each Score
Percentile by Number Answered
Your Score History
You have not taken this quiz